Oscar Hosts Quiz Stats

 Plays Quiz Updated Sep 10, 2019

Score 0/85 Timer 10:00
3 Plays Today
Year Host(s) % Correct
2012Billy Crystal
86.9%
1990Billy Crystal
86.7%
1991Billy Crystal
86.7%
1992Billy Crystal
86.7%
1993Billy Crystal
86.7%
1997Billy Crystal
86.7%
1998Billy Crystal
86.7%
2000Billy Crystal
86.7%
2004Billy Crystal
86.7%
1958Bob Hope, David Niven, James Stewart, Jack Lemmon, Rosalind Russell
81.3%
1946Bob Hope, James Stewart
80.9%
1975Sammy Davis, Jr., Bob Hope, Shirley MacLaine, Frank Sinatra
78.6%
1959Bob Hope, David Niven, Tony Randall, Mort Sahl, Laurence Olivier, Jerry Lewis
77.7%
1953Bob Hope, Conrad Nagel
76.9%
1943Bob Hope
76.8%
1945Bob Hope, John Cromwell
76.8%
1955Bob Hope, Thelma Ritter
76.9%
1940Bob Hope
76.8%
1960Bob Hope
76.8%
1961Bob Hope
76.8%
1962Bob Hope
76.8%
1965Bob Hope
76.8%
1966Bob Hope
76.8%
1967Bob Hope
76.8%
1968Bob Hope
76.8%
1978Bob Hope
76.8%
2014Ellen DeGeneres
74.8%
2006Jon Stewart
72.8%
2008Jon Stewart
72.8%
Year Host(s) % Correct
1994Whoopi Goldberg
70.5%
1996Whoopi Goldberg
70.5%
1999Whoopi Goldberg
70.5%
2002Whoopi Goldberg
70.5%
1941Bob Hope
67.7%
2017Jimmy Kimmel
67.1%
2018Jimmy Kimmel
66.9%
2001Steve Martin
64.7%
2003Steve Martin
64.7%
2016Chris Rock
63.3%
2007Ellen DeGeneres
59.1%
1995David Letterman
56.5%
1972Helen Hayes, Alan King, Sammy Davis, Jr., Jack Lemmon
53%
1979Johnny Carson
51.9%
1980Johnny Carson
51.9%
1981Johnny Carson
51.9%
1982Johnny Carson
51.9%
1984Johnny Carson
51.9%
1963Frank Sinatra
51.6%
2015Neil Patrick Harris
51.4%
2005Chris Rock
50.2%
1964Jack Lemmon
48.2%
1985Jack Lemmon
48.2%
1956Jerry Lewis, Claudette Colbert, Joseph L. Mankiewicz
46.3%
2009Hugh Jackman
46.2%
2013Seth MacFarlane
45.3%
1974John Huston, Burt Reynolds, David Niven, Diana Ross
44.8%
1957Jerry Lewis, Celeste Holm
44.8%
1986Alan Alda, Jane Fonda, Robin Williams
44.1%
Year Host(s) % Correct
1977Warren Beatty, Ellen Burstyn, Jane Fonda, Richard Pryor
37%
1987Chevy Chase, Goldie Hawn, Paul Hogan
36.7%
1983Liza Minnelli, Dudley Moore, Richard Pryor, Walter Matthau
36.1%
1976Goldie Hawn, Gene Kelly, Walter Matthau, George Segal, Robert Shaw
35.5%
1988Chevy Chase
34.8%
1933Lionel Barrymore, Conrad Nagel
32.8%
2010Steve Martin, Alec Baldwin
32.5%
1931Conrad Nagel
30.7%
1942Bob Hope
26.4%
2011James Franco, Anne Hathaway
23.2%
1973Carol Burnett, Michael Caine, Charlton Heston, Rock Hudson
16%
1932Lawrence Grant
15.5%
1929Douglas Fairbanks, William C. DeMille
13.3%
1951Fred Astaire
13%
1930William C. DeMille
11.3%
1944Jack Benny
10.6%
1947Jack Benny
10.6%
1938Bob Burns
10.4%
1934Will Rogers
9.6%
1950Paul Douglas
9.3%
1948Agnes Moorehead, Dick Powell
8.4%
1936Frank Capra
7.6%
1952Danny Kaye
6.6%
1954Donald O'Connor, Fredric March
6.6%
1937George Jessel
4.5%
1935Irvin S. Cobb
4.3%
1949Robert Montgomery
4.2%

You're not logged in!

Compare scores with friends on all Sporcle quizzes.
OR
Log In

Sporcle TV

Today on Sporcle TV


Watch our educational content, quiz creation guides, and fun videos on Sporcle TV.

Show Comments

Extras

Top Quizzes Today


Score Distribution

Your Account Isn't Verified!

In order to create a playlist on Sporcle, you need to verify the email address you used during registration. Go to your Sporcle Settings to finish the process.

Report this User

Report this user for behavior that violates our Community Guidelines.

Details: